Online
Catalog

Las palmeras salvaje : (Record no. 35232)

MARC details
000 -CABECERA
campo de control de longitud fija 00738nam a2200205 a 4500
001 - NÚMERO DE CONTROL
campo de control 000035741
003 - IDENTIFICADOR DEL NÚMERO DE CONTROL
campo de control DO-SdBNP
005 - FECHA Y HORA DE LA ÚLTIMA TRANSACCIÓN
campo de control 20250128171937.0
008 - DATOS DE LONGITUD FIJA--INFORMACIÓN GENERAL
campo de control de longitud fija 111109s1973 dr 000 0 spa d
040 ## - FUENTE DE LA CATALOGACIÓN
Centro catalogador/agencia de origen DO-SdBNP
Lengua de catalogación spa
Centro/agencia transcriptor BNPHU
100 1# - ENTRADA PRINCIPAL--NOMBRE DE PERSONA
Nombre de persona Faulkner, William
Títulos y otros términos asociados al nombre 1897-1962
9 (RLIN) 9781
240 10 - TÍTULO UNIFORME
Título uniforme The wild palms
245 14 - MENCIÓN DE TÍTULO
Título Las palmeras salvaje :
Resto del título William Faulkner ; tradución de Jorge Luis Borges ; prólogo de Juan Benet /
Mención de responsabilidad, etc. 5a. ed.
260 ## - PUBLICACIÓN, DISTRIBUCIÓN, ETC.
Lugar de publicación, distribución, etc. Buenos aires :
Nombre del editor, distribuidor, etc. Editorial Suramericana
-- EDHASA,
Fecha de publicación, distribución, etc. 1973.
300 ## - DESCRIPCIÓN FÍSICA
Extensión 320 p. ;
Dimensiones 19 p.
490 0# - MENCIÓN DE SERIE
Mención de serie Horizonte
590 ## - NOTA LOCAL (RLIN)
Nota local Perteneció a la biblioteca personal de Juan Isidro Jiménez Grullón
700 1# - PUNTO DE ACCESO ADICIONAL--NOMBRE DE PERSONA
Nombre de persona Borges, Jorge Luis,
Fechas asociadas al nombre 1899-1986
Término indicativo de función/relación traducción
Código de función/relación tr.
9 (RLIN) 4173
942 ## - ELEMENTOS DE PUNTO DE ACCESO ADICIONAL (KOHA)
Fuente del sistema de clasificación o colocación Dewey Decimal Classification
Tipo de ítem Koha Libro
Holdings
Estado de retiro Estado de pérdida No para préstamo Código de colección Localización permanente Ubicación/localización actual Ubicación en estantería Fecha de adquisición Número de inventario Total de préstamos Signatura topográfica completa Código de barras Fecha visto por última vez Precio válido a partir de Tipo de ítem Koha Nota pública
    Excluido de préstamo Patrimonio Dominicano General General En catalogación 09.11.2011 LF1   35741-10 25.06.2020 25.06.2020 Libro y Folleto Colección Patrimonio Dominicano Perteneció a la biblioteca personal de Juan Isidro Jiménez

Powered by Koha